000 01335nam a22003617a 4500
003 CHAP
005 20220329135714.0
008 971013s1994 r 00010 d
010 _a40848
011 _a41820
035 _a45946
040 _cCHAP
090 _aTesis
100 0 0 _aJaramillo Pérez, Bertín.
_961128
245 _aDietas balanceadas de costo mínimo para bovinos de engorda (pequeña escala) en la región sur del Estado de México
260 _aChapingo, Méx. :
_bEl autor,
_c1994
300 _a72 h.
502 _aTesis (Ing. Agr. Esp. en Economía Agrícola) -- UACH. Departamento de Economía Agrícola
590 _aALEPH
_b10
_c20130110
_lUCH01
_h1309
590 _aBATCH-UPD
_b10
_c20130110
_lUCH01
_h1301
590 _aBATCH-UPD
_b10
_c20130410
_lUCH01
_h0819
590 _aBATCH-UPD
_b10
_c20130914
_lUCH01
_h1524
590 _aCONVERSION
_b10
_c20130109
_lUCH01
_h1323
650 1 4 _aAlimentos y alimentacion del ganado
_xCostos de produccion.
_94331
650 1 4 _aGanado vacuno
_xAlimentación.
_945429
650 1 4 _aGanado vacuno
_xEngorda.
_945461
650 1 4 _aGanado vacuno
_xMéxico (Edo.)
_945494
650 1 4 _aGanado vacuno
_xNutrición.
_945498
901 _aBK
942 _cFOLL
949 _bBC
_cTES
_d-104786
_eTS1
_h30396
_i45946
_si
949 _bBC
_cTES
_d33724000004511
_eTS2
_fc.2
_h30397
_i45946
_si
999 _c40848
_d40848